[Event "Challenge"]
[Site "http://www.queenalice.com/game.php?id=1066805"]
[Date "2012.6.1"]
[Round "-"]
[White "al302254"]
[Black "betofortaleza"]
[Result "1-0"]
[WhiteElo "1900"]
[BlackElo "1870"]

1. d4 Nf6 2. c4 d6 3. Nc3 Bf5 4. f3 Nbd7 5. e4 Bg6 6. Bd3 e6 7. Bg5 Be7 8. Bxf6
Bxf6 9. e5 dxe5 10. d5 Bxd3 11. Qxd3 Nc5 12. Qc2 exd5 13. cxd5 O-O 14. Nge2 c6
15. Rd1 Qd6 16. b4 Na6 17. Ne4 Qxb4+ 18. N2c3 Nc5 19. Rb1 Qd4 20. Ne2 Nd3+ 21.
Kd2 Qxd5 22. Nxf6+ gxf6 23. Qxd3 Qxa2+ 24. Ke3 Rad8 25. Qc3 f5 26. Ra1 f4+ 27.
Kf2 Qd5 28. Rhd1 Qe6 29. Rxd8 Rxd8 30. Rxa7 b5 31. Qa3 Re8 32. Ra8 Rxa8 33.
Qxa8+ Kg7 34. Qa1 c5 35. Nxf4 Qd6 36. Nh5+ Kh6 37. Ng3 Qe6 38. Qc1+ Kg6 39. Qc2+
f5 40. Qxc5 f4 41. Qc2+ Kg5 42. h4+ Kf6 43. Nh5+ Ke7 44. Qc7+ Kf8 45. Qg7+ Ke8
46. Qh8+ Kd7 47. Qxh7+ Kc6 48. Qc2+ Kb6 49. Ng7 Qf6 50. Nf5 b4 51. Qd3 Ka5 52.
Qd5+ Ka4 53. Qa2+ Kb5 54. g4 fxg3+ 55. Nxg3 Qf4 56. Qd5+ Ka4 57. Qe4 Qd2+ 58.
Ne2 Qh6 59. Qc4 Ka3 60. Qc1+ 1-0

[Event "Challenge"]
[Site "http://www.queenalice.com/game.php?id=1066821"]
[Date "2012.6.1"]
[Round "-"]
[White "betofortaleza"]
[Black "al302254"]
[Result "0-1"]
[WhiteElo "1859"]
[BlackElo "1869"]

1. e4 e6 2. e5 d5 3. d4 Nh6 4. Nf3 c5 5. dxc5 Bxc5 6. Bd3 Nf5 7. Bxf5 exf5 8.
Bf4 Qb6 9. O-O Be6 10. Qd2 Qxb2 11. Nc3 Qb6 12. Nxd5 Bxd5 13. Qxd5 O-O 14. g3
Rd8 15. Qc4 Na6 16. Ng5 Qc7 17. e6 Bxf2+ 18. Rxf2 Qxc4 19. Nxf7 Re8 20. Nd6 Qd4
21. Re1 Red8 22. e7 Rxd6 23. Bxd6 Re8 24. Bf4 g6 25. Kg2 Qd5+ 26. Kh3 Kf7 27.
Rd2 Qb5 28. Bg5 Nc7 29. Rd6 Nd5 30. Re5 Qf1+ 31. Kh4 Qg2 32. h3 Nxe7 33. Rd7 Qc6
0-1

[Event "AUTO-ADV-2521"]
[Site "http://www.queenalice.com/game.php?id=1067627"]
[Date "2012.6.3"]
[Round "1"]
[White "Timbira"]
[Black "al302254"]
[Result "1-0"]
[WhiteElo "2014"]
[BlackElo "1914"]

1. e4 e6 2. d4 d5 3. exd5 exd5 4. Nf3 Nf6 5. Bg5 Be7 6. Bd3 O-O 7. O-O Bg4 8.
Nbd2 c5 9. c3 Nbd7 10. Qc2 Rc8 11. Bf5 Bh5 12. Ne5 Nxe5 13. Bxc8 Nf3+ 14. Nxf3
Qxc8 15. dxc5 h6 16. Bxf6 Bxf6 17. Qd3 Qxc5 18. Nd4 Bg6 19. Qd2 a6 20. Rfe1 Bg5
21. Qd1 Qb6 22. Qe2 Qf6 23. Rad1 Be4 24. f3 Bg6 25. Qe5 Qb6 26. Qxd5 Qxb2 27.
Qb3 Qxb3 28. axb3 Bf6 29. Ne2 Bc2 30. Rd7 Rb8 31. b4 Ba4 32. Rd5 Re8 33. Kf2 g5
34. Nd4 Rc8 35. Re3 Kg7 36. Rd6 Be8 37. Nf5+ 1-0

[Event "AUTO-ADV-2521"]
[Site "http://www.queenalice.com/game.php?id=1067628"]
[Date "2012.6.3"]
[Round "1"]
[White "al302254"]
[Black "Timbira"]
[Result "1/2-1/2"]
[WhiteElo "1885"]
[BlackElo "1823"]

1. d4 Nf6 2. c4 g6 3. Nc3 d5 4. cxd5 Nxd5 5. e4 Nxc3 6. bxc3 Bg7 7. e5 c5 8.
Qa4+ Bd7 9. Bb5 a6 10. Bxd7+ Qxd7 11. Qxd7+ Nxd7 12. f4 O-O 13. Nf3 cxd4 14.
cxd4 e6 15. g4 Rfc8 16. Kd2 Rc7 17. Ba3 Rac8 18. Rac1 Rxc1 1/2-1/2

[Event "AUTO-ADV-2521"]
[Site "http://www.queenalice.com/game.php?id=1067641"]
[Date "2012.6.3"]
[Round "1"]
[White "Guilherme_Ottoni"]
[Black "al302254"]
[Result "0-1"]
[WhiteElo "1917"]
[BlackElo "1883"]

1. d4 Nf6 2. c4 e6 3. Nc3 Bb4 4. e3 d5 5. a3 Bxc3+ 6. bxc3 O-O 7. cxd5 exd5 8.
c4 c6 9. Nf3 Bg4 10. h3 Bh5 11. Bd3 Ne4 12. g4 Bg6 13. Ne5 Nd7 14. Nxg6 fxg6 15.
Bxe4 dxe4 16. Qc2 Qh4 17. O-O Rae8 18. Kg2 Rf3 19. Rh1 Ref8 20. Qxe4 Qxf2# 0-1

[Event "AUTO-ADV-2521"]
[Site "http://www.queenalice.com/game.php?id=1067642"]
[Date "2012.6.3"]
[Round "1"]
[White "al302254"]
[Black "Guilherme_Ottoni"]
[Result "1/2-1/2"]
[WhiteElo "1900"]
[BlackElo "1900"]

1. d4 Nf6 2. c4 g6 3. Nc3 d5 4. cxd5 Nxd5 5. e4 Nxc3 6. bxc3 Bg7 7. e5 c5 8.
Bb5+ Bd7 9. Bxd7+ Qxd7 10. Nf3 Nc6 11. Be3 O-O 12. O-O Rfd8 13. Rc1 Rac8 14. h3
e6 15. Bg5 Re8 16. Qd2 cxd4 17. cxd4 Ne7 18. Bf6 Bxf6 19. exf6 Nd5 20. Qg5 Rxc1
21. Rxc1 Qd8 22. g4 Qxf6 23. Qxf6 Nxf6 24. Rc7 Nd5 25. Rxb7 Re7 26. Rb8+ Kg7
1/2-1/2

[Event "AUTO-ADV-2521"]
[Site "http://www.queenalice.com/game.php?id=1067649"]
[Date "2012.6.3"]
[Round "1"]
[White "goreb83"]
[Black "al302254"]
[Result "1-0"]
[WhiteElo "1970"]
[BlackElo "1902"]

1. d4 Nf6 2. c4 e6 3. Nc3 Bb4 4. Bd2 d5 5. e3 c6 6. Nf3 Ne4 7. Bd3 Nxd2 8. Qxd2
O-O 9. O-O Nd7 10. a3 Bd6 11. b4 b5 12. cxb5 Bb7 13. Rac1 Rc8 14. bxc6 Bxc6 15.
Nb5 Bxb5 16. Rxc8 Qxc8 17. Bxb5 Nb6 18. Rc1 Nc4 19. Bxc4 dxc4 20. Qc3 Qa6 21.
Nd2 Rc8 22. Nxc4 f5 23. Qb3 Qc6 24. h3 Bb8 25. a4 Qd5 26. Rc3 Qc6 27. Rc2 Qe8
28. Na5 Rxc2 29. Qxc2 h5 30. Nc6 Kh7 31. Nxb8 Qxb8 32. Qc5 Kh6 33. Qe7 Qb6 34.
a5 Qa6 35. b5 Qxa5 36. Qxe6+ g6 37. Qc6 Qe1+ 38. Kh2 Qxf2 39. Qf3 Qh4 40. Qf4+
Qg5 41. Qxg5+ Kxg5 42. Kg3 h4+ 43. Kf3 Kf6 44. e4 g5 45. e5+ Ke6 46. g4 hxg3 47.
Kxg3 f4+ 48. Kg4 Kd5 49. h4 Kxd4 50. e6 1-0

[Event "AUTO-ADV-2521"]
[Site "http://www.queenalice.com/game.php?id=1067650"]
[Date "2012.6.3"]
[Round "1"]
[White "al302254"]
[Black "goreb83"]
[Result "0-1"]
[WhiteElo "1889"]
[BlackElo "2028"]

1. d4 f5 2. c4 Nf6 3. Nc3 e6 4. Bg5 Be7 5. f3 O-O 6. e4 fxe4 7. Bxf6 Bxf6 8.
Nxe4 Nc6 9. Ne2 d5 10. Nxf6+ Qxf6 11. cxd5 exd5 12. Qd2 a5 13. O-O-O Nb4 14. Nc3
Bd7 15. a3 Rfe8 16. axb4 axb4 17. Nb1 Ba4 18. Re1 Qc6+ 19. Nc3 bxc3 20. Rxe8+
Rxe8 21. bxc3 Bb3 22. Bd3 Ra8 23. Qb2 Qh6+ 24. Kb1 Ba2+ 25. Kc2 Qg5 26. g4 Qh4
27. Kd1 Qh3 28. Rf1 b6 29. Rf2 Qh6 30. Re2 Bc4 31. Bxc4 dxc4 32. Re4 Rf8 33. Qe2
b5 34. Re8 Qf4 35. Rxf8+ Kxf8 36. h4 Kf7 37. d5 c6 38. Qe6+ Kf8 39. d6 Qxf3+ 40.
Ke1 Qg3+ 41. Ke2 Qd3+ 42. Kf2 Qd2+ 43. Kg1 Qd1+ 44. Kf2 Qd2+ 45. Kf3 Qxc3+ 46.
Kf4 Qd4+ 47. Kf5 Qd5+ 48. Qxd5 cxd5 49. Ke6 Ke8 50. d7+ Kd8 0-1

[Event "Rouletabosse"]
[Site "http://www.queenalice.com/game.php?id=1069256"]
[Date "2012.6.7"]
[Round "2"]
[White "al302254"]
[Black "pergaminos"]
[Result "1-0"]
[WhiteElo "1906"]
[BlackElo "1716"]

1. d4 d5 2. c4 e6 3. Nc3 Bb4 4. f3 Nf6 5. a3 Bxc3+ 6. bxc3 Bd7 7. Bb2 O-O 8.
cxd5 Nxd5 9. e4 Ne3 10. Qe2 Nxf1 11. Qxf1 a6 12. Qd3 Bb5 13. c4 Ba4 14. Ne2 Nc6
15. O-O Ne5 16. Qc3 Ng6 17. f4 f6 18. f5 Ne7 19. Nf4 exf5 20. Ne6 Qd7 21. Nxf8
Kxf8 22. exf5 Nxf5 23. d5 b5 24. Rac1 Rc8 25. Qd3 Re8 26. Qxf5 Qd6 27. Qxh7 Qc5+
28. Kh1 Re7 29. Qh8+ Kf7 30. Bxf6 gxf6 31. Rxf6# 1-0

[Event "Tournament"]
[Site "http://www.queenalice.com/game.php?id=1073826"]
[Date "2012.6.19"]
[Round "3"]
[White "tewald"]
[Black "al302254"]
[Result "0-1"]
[WhiteElo "1947"]
[BlackElo "1888"]

1. d4 e6 2. Nf3 d5 3. e3 Nf6 4. Bd3 c5 5. b3 cxd4 6. exd4 Nbd7 7. O-O Bd6 8. Bb2
O-O 9. Nbd2 b6 10. Re1 Bb7 11. Ne5 Ne4 12. Nxe4 Bxe5 13. dxe5 dxe4 14. Bxe4 Bxe4
15. Rxe4 Qc7 16. Rc1 Rad8 17. Qh5 h6 18. c4 Nc5 19. Rg4 Kh8 20. h3 Nd3 21. Rc2
Qc5 22. Qh4 Nxb2 23. Rxb2 Rd1+ 24. Kh2 Qxe5+ 25. Qg3 Qxb2 0-1

[Event "AUTO-ADV-2391"]
[Site "http://www.queenalice.com/game.php?id=1081985"]
[Date "2012.7.12"]
[Round "2"]
[White "Jackzapo"]
[Black "al302254"]
[Result "1-0"]
[WhiteElo "2028"]
[BlackElo "1908"]

1. d4 Nf6 2. c4 e6 3. Nc3 Bb4 4. a3 Bxc3+ 5. bxc3 O-O 6. e3 d5 7. Bd3 c6 8. Qc2
Nbd7 9. Nf3 Qe7 10. O-O Ne4 11. Bxe4 dxe4 12. Qxe4 f5 13. Qc2 b6 14. a4 a5 15.
Rd1 Nf6 16. Ba3 c5 17. dxc5 bxc5 18. Rab1 Bb7 19. Ne5 Be4 20. Nd3 Ng4 21. f3
Nxe3 22. Qe2 Bxd3 23. Rxd3 Nxc4 24. Bc1 Rad8 25. Rxd8 Rxd8 26. Qxc4 Rd1+ 27. Kf2
Qh4+ 28. Qxh4 1-0

[Event "AUTO-ADV-2391"]
[Site "http://www.queenalice.com/game.php?id=1081986"]
[Date "2012.7.12"]
[Round "2"]
[White "al302254"]
[Black "Jackzapo"]
[Result "1/2-1/2"]
[WhiteElo "1872"]
[BlackElo "2072"]

1. d4 Nf6 2. c4 g6 3. Nc3 Bg7 4. e4 d6 5. f4 O-O 6. Bd3 c5 7. d5 e6 8. Nf3 exd5
9. cxd5 a6 10. a4 b6 11. O-O Nbd7 12. f5 Qe7 13. Bg5 h6 14. Bxf6 Nxf6 15. Qe1
Bd7 16. Qg3 g5 17. Rae1 Rfe8 18. e5 dxe5 19. Nxe5 Qd6 20. Nxf7 Qxg3 21. Nxh6+
Bxh6 22. hxg3 g4 23. d6 Be3+ 24. Kh2 Kg7 25. Rxe3 Rxe3 26. Bc2 Rh8+ 27. Kg1 Rxg3
28. Ne4 Bc6 29. Nxg3 Re8 30. Kf2 Kf8 31. Rh1 Kg7 32. Nh5+ Nxh5 33. Rxh5 Rd8 34.
Rg5+ Kf7 35. Rg6 b5 36. a5 Be8 37. Re6 Bd7 38. Re7+ Kf6 39. Kg3 Bxf5 40. Bxf5
Kxf5 41. d7 Kf6 42. Rh7 Kg6 43. Re7 Kf6 44. Rh7 Kg6 45. Re7 Kf6 1/2-1/2

[Event "AUTO-ADV-2391"]
[Site "http://www.queenalice.com/game.php?id=1081991"]
[Date "2012.7.12"]
[Round "2"]
[White "al302254"]
[Black "serrameira"]
[Result "0-1"]
[WhiteElo "1897"]
[BlackElo "1860"]

1. d4 d5 2. c4 e6 3. Nc3 Nf6 4. Bg5 Nbd7 5. cxd5 exd5 6. Nxd5 Nxd5 7. Bxd8 Bb4+
8. Qd2 Kxd8 9. Nf3 Bxd2+ 10. Nxd2 Nb4 11. Kd1 b6 12. a3 Nc6 13. d5 Ne7 14. e4
Ne5 15. f4 Bg4+ 16. Be2 Bxe2+ 17. Kxe2 Nd7 18. b4 Ng6 19. Rhf1 f6 20. Rac1 Rc8
21. g3 Re8 22. h4 h5 23. Nf3 Ne7 24. Nd4 Nb8 25. Ne6+ Kd7 26. Kd3 c6 27. Nxg7
Rh8 28. Rfe1 Rcg8 29. Nf5 Nxf5 30. exf5 Rxg3+ 31. Re3 Rhg8 32. Rd1 cxd5 33. Kd4
Rxe3 34. Kxe3 Rg3+ 35. Kd4 Nc6+ 36. Kxd5 Rxa3 37. Kc4+ Ke7 38. Re1+ Kf7 39. Re6
Nd8 40. Rd6 Ke7 41. Rd4 Rh3 42. b5 Rxh4 43. Kd5 Rh1 44. Ra4 Rd1+ 45. Ke4 Rd7 46.
Kf3 Kf7 47. Kg3 Kg7 48. Ra2 Kh6 49. Kh3 Nf7 50. Rg2 Nh8 51. Kh4 Rg7 52. Rxg7
Kxg7 53. Kxh5 Nf7 54. Kg4 Nd6 55. Kf3 Nxb5 56. Ke3 a5 57. Kd3 a4 58. Kc4 a3 59.
Kb3 Kh6 0-1

[Event "AUTO-ADV-2391"]
[Site "http://www.queenalice.com/game.php?id=1081992"]
[Date "2012.7.12"]
[Round "2"]
[White "serrameira"]
[Black "al302254"]
[Result "0-1"]
[WhiteElo "1853"]
[BlackElo "1912"]

1. e4 e6 2. d4 d5 3. Nc3 Bb4 4. e5 Nh6 5. Bxh6 gxh6 6. Qd2 c5 7. Bb5+ Bd7 8.
Bxd7+ Nxd7 9. a3 Qa5 10. Nge2 O-O-O 11. O-O Bxc3 12. Nxc3 c4 13. Qxh6 Qb6 14.
Qe3 Qxb2 15. Na4 Qxc2 16. Nc5 Nxc5 17. dxc5 d4 18. Qf3 Qf5 19. Qxf5 exf5 20. f4
c3 21. Rac1 Kc7 22. Kf2 Kc6 23. Rb1 Rd7 24. h3 Kxc5 25. g4 fxg4 26. hxg4 d3 27.
Ke1 Rhd8 28. Rb3 Kc4 29. Rb4+ Kc5 30. Kd1 a5 31. Re4 Rd4 32. Rxd4 Rxd4 33. f5
Rxg4 34. e6 fxe6 35. f6 Rg8 36. f7 Rf8 37. Rf3 Kd4 38. a4 Ke4 39. Rf6 Ke5 40.
Rf3 Ke4 41. Rf6 e5 42. Rf1 h5 43. Re1+ Kd4 44. Rf1 e4 45. Rf6 Ke5 46. Rf1 e3 47.
Rf3 Ke4 48. Rf6 c2+ 49. Kc1 d2+ 50. Kxc2 Rc8+ 51. Kd1 Rc1+ 0-1

[Event "AUTO-ADV-2391"]
[Site "http://www.queenalice.com/game.php?id=1081993"]
[Date "2012.7.12"]
[Round "2"]
[White "al302254"]
[Black "esdiniz"]
[Result "1-0"]
[WhiteElo "1888"]
[BlackElo "1960"]

1. d4 Nf6 2. c4 e6 3. Nc3 b6 4. e4 Bb4 5. e5 Ne4 6. Ne2 O-O 7. a3 Bxc3+ 8. Nxc3
Bb7 9. Nxe4 Bxe4 10. f3 Bb7 11. Be3 d5 12. Bd3 Nd7 13. O-O Qe7 14. f4 c5 15. Qh5
g6 16. Qh6 f5 17. exf6 Nxf6 18. h3 dxc4 19. Bxc4 Nd5 20. Bd2 Qg7 21. Qxg7+ Kxg7
22. dxc5 bxc5 23. Rae1 Rfe8 24. Re5 Rac8 25. g4 h6 26. Bd3 c4 27. Be4 Rc7 28. f5
Kf6 29. Rxe6+ Rxe6 30. fxe6+ Kxe6 31. Bxh6 Ne7 32. Bc2 c3 33. b3 Bd5 34. Bg5 1-0

[Event "AUTO-ADV-2391"]
[Site "http://www.queenalice.com/game.php?id=1081994"]
[Date "2012.7.12"]
[Round "2"]
[White "esdiniz"]
[Black "al302254"]
[Result "0-1"]
[WhiteElo "1953"]
[BlackElo "1869"]

1. f4 f5 2. Nf3 Nf6 3. e3 e6 4. Be2 d5 5. O-O Bd6 6. b3 O-O 7. Bb2 Nbd7 8. Ne5
Ne4 9. d3 Bxe5 10. fxe5 Ng5 11. Nd2 b6 12. Nf3 Bb7 13. Qe1 Nxf3+ 14. Bxf3 c5 15.
Bc1 Nxe5 16. Qg3 Qf6 17. Bb2 Nxf3+ 0-1

[Event "AUTO-OPEN-2753"]
[Site "http://www.queenalice.com/game.php?id=1088689"]
[Date "2012.7.30"]
[Round "1"]
[White "al302254"]
[Black "helderpinto"]
[Result "0-1"]
[WhiteElo "1857"]
[BlackElo "1667"]

1. d4 Nf6 2. c4 g6 3. Nc3 Bg7 4. e4 d6 5. f4 c5 6. d5 O-O 7. Bd3 e6 8. Nge2 exd5
9. cxd5 Re8 10. O-O Qb6 11. Bc2 Ng4 12. h3 c4+ 13. Nd4 Bxd4+ 14. Kh1 Nf2+ 15.
Rxf2 Bxf2 16. f5 gxf5 17. Qh5 Re5 18. Bh6 f4 19. Qf3 Qxb2 20. Rf1 Qxc2 21. Rxf2
Qc1+ 22. Kh2 Qe3 23. Bxf4 Qxf3 24. Rxf3 Re8 25. Bxd6 a6 26. Rg3+ Kh8 27. e5 Bf5
28. e6 Bg6 29. Ne4 Kg7 30. Be5+ Kf8 31. Nf6 Rd8 32. exf7 Kxf7 33. Rf3 Ke7 34. g4
Nd7 35. Bc7 Rf8 36. g5 Nxf6 37. d6+ Kd7 38. gxf6 Rac8 39. Re3 Rce8 40. Re7+ Rxe7
0-1

[Event "AUTO-OPEN-2753"]
[Site "http://www.queenalice.com/game.php?id=1088690"]
[Date "2012.7.30"]
[Round "1"]
[White "helderpinto"]
[Black "al302254"]
[Result "1-0"]
[WhiteElo "1691"]
[BlackElo "1833"]

1. e4 e6 2. d4 d5 3. e5 Nh6 4. c4 c6 5. c5 Nf5 6. Nf3 Be7 7. Bd3 O-O 8. O-O Nd7
9. Nc3 f6 10. Bf4 b5 11. Bxf5 exf5 12. e6 Nxc5 13. dxc5 Bxe6 14. b4 g5 15. Be3
f4 16. Bd4 g4 17. Nd2 f5 18. Re1 Bd7 19. Qe2 Bg5 20. Qe5 Bf6 21. Qxf4 Bxd4 22.
Qxd4 Qg5 23. Nxd5 cxd5 24. Qxd5+ Kh8 25. Qxd7 Rad8 26. Qxb5 Qxd2 27. g3 f4 28.
gxf4 Qxf4 29. c6 Qxf2+ 30. Kh1 Qf3+ 31. Kg1 Rd5 32. Qe2 Rg5 33. Qb2+ Kg8 34. Rf1
Qe3+ 35. Kh1 Qe4+ 36. Qg2 Qxb4 37. Rab1 Qd6 38. Rxf8+ Kxf8 39. Qf2+ Kg8 40. Qxa7
Qxc6+ 41. Kg1 Qc5+ 42. Qxc5 1-0

[Event "AUTO-OPEN-2753"]
[Site "http://www.queenalice.com/game.php?id=1088691"]
[Date "2012.7.30"]
[Round "1"]
[White "al302254"]
[Black "jwb"]
[Result "1-0"]
[WhiteElo "1907"]
[BlackElo "1631"]

1. d4 d5 2. c4 Bf5 3. Nc3 Nf6 4. cxd5 Nxd5 5. f3 Nxc3 6. bxc3 e6 7. Bf4 Nc6 8.
e4 Bg6 9. Bd3 Qd6 10. Bxd6 Bxd6 11. Nh3 O-O 12. O-O e5 13. d5 Ne7 14. f4 h6 15.
f5 Bh7 16. Qg4 f6 17. Rac1 Ba3 18. Rc2 Bc5+ 19. Kh1 a5 20. Bc4 Kh8 21. Qh5 c6
22. g4 b5 23. Bd3 cxd5 24. exd5 Nxd5 25. Be4 Rad8 26. Rf3 Ba3 27. Nf2 Nf4 28.
Qh4 Bc5 29. Nd3 b4 30. c4 a4 31. Rxf4 exf4 32. Nxc5 Rd1+ 33. Kg2 Rfd8 34. Bd5
Bg8 35. Ne6 Bxe6 36. fxe6 b3 37. axb3 axb3 38. Rb2 Rd3 39. Qh5 Rc3 40. e7 Ra8
41. e8=Q+ Rxe8 42. Qxe8+ Kh7 43. Be4+ 1-0

[Event "AUTO-OPEN-2753"]
[Site "http://www.queenalice.com/game.php?id=1088692"]
[Date "2012.7.30"]
[Round "1"]
[White "jwb"]
[Black "al302254"]
[Result "0-1"]
[WhiteElo "1666"]
[BlackElo "1864"]

1. d4 Nf6 2. Nf3 e6 3. Bf4 d5 4. e3 Bd6 5. Bg5 h6 6. Bxf6 Qxf6 7. c4 c6 8. c5
Bc7 9. Bd3 Nd7 10. O-O O-O 11. Nc3 b5 12. cxb6 axb6 13. b4 e5 14. dxe5 Nxe5 15.
Nd4 Nxd3 16. Qxd3 Ba6 17. b5 Qd6 18. g3 c5 19. Nc6 Bb7 20. Qxd5 Qxd5 21. Nxd5
Bxc6 22. Ne7+ Kh7 23. Nxc6 Ra3 24. Rfb1 Rfa8 25. Kg2 c4 26. Rb4 c3 27. Rc4 R8a4
28. Rxa4 Rxa4 29. a3 Bd6 30. Nd4 Rxa3 31. Rxa3 Bxa3 32. Nc2 Bc5 33. Kf3 Be7 34.
Ke4 Kg6 35. Kd5 Kf5 36. f3 g5 37. h3 h5 38. e4+ Kg6 39. g4 h4 40. e5 f6 41. Ke6
Bc5 42. exf6 Bf8 43. Kd5 Kxf6 44. Kc4 Ke5 45. Kxc3 Kf4 46. Nd4 Bg7 47. Kd3 Bxd4
48. Kxd4 Kxf3 49. Kd5 Kg3 50. Kc6 Kxh3 51. Kxb6 Kxg4 52. Kc5 h3 53. b6 h2 54. b7
h1=Q 55. b8=Q Qc1+ 56. Kd4 Qf4+ 57. Qxf4+ Kxf4 0-1

[Event "AUTO-OPEN-2753"]
[Site "http://www.queenalice.com/game.php?id=1088693"]
[Date "2012.7.30"]
[Round "1"]
[White "al302254"]
[Black "deltaboy"]
[Result "0-1"]
[WhiteElo "1878"]
[BlackElo "2339"]

1. d4 Nf6 2. c4 e6 3. Nc3 Bb4 4. f3 d5 5. a3 Bxc3+ 6. bxc3 O-O 7. Bg5 h6 8. Bh4
Nbd7 9. cxd5 exd5 10. e3 c6 11. Bd3 Qa5 12. Ne2 Re8 13. Bxf6 Nxf6 14. O-O Re7
15. Qc2 Rxe3 16. Qd2 Re7 17. Ng3 Bd7 18. Nf5 Bxf5 19. Bxf5 Rae8 20. Rfe1 Rxe1+
21. Rxe1 Qxa3 22. Rxe8+ Nxe8 23. h4 Qe7 24. g3 a5 25. Kf2 a4 26. Qc2 b5 27. Bd3
Nd6 28. Qc1 Nc4 29. Bxc4 dxc4 30. Qb2 a3 31. Qa2 Qa7 32. Ke2 Qa4 33. Kd2 Qb3 34.
Qxb3 cxb3 35. Kc1 Kf8 36. Kb1 Ke7 37. g4 Kd6 38. f4 Kd5 39. h5 Ke4 40. f5 f6 0-1

[Event "AUTO-OPEN-2753"]
[Site "http://www.queenalice.com/game.php?id=1088694"]
[Date "2012.7.30"]
[Round "1"]
[White "deltaboy"]
[Black "al302254"]
[Result "1-0"]
[WhiteElo "2338"]
[BlackElo "1880"]

1. d4 Nf6 2. c4 e6 3. Qb3 d5 4. e3 Be7 5. Nf3 O-O 6. Nc3 c5 7. Be2 Nbd7 8. O-O
b6 9. cxd5 Nxd5 10. Bd2 Bb7 11. Rac1 Rc8 12. Nxd5 Bxd5 13. Qa4 a5 14. Bb5 Rc7
15. Ne1 Nf6 16. f3 Bd6 17. e4 Bb7 18. Kh1 cxd4 19. Qxd4 Bc5 20. Qxd8 Rxd8 21.
Bf4 Rcc8 22. Nd3 h6 23. Nxc5 bxc5 24. Be3 Nd7 25. Rc2 f5 26. exf5 Bd5 27. fxe6
Bxe6 28. b3 Bf5 29. Rd2 Ne5 30. Re1 Nd3 31. Bc4+ Kh7 32. Red1 Rc7 33. Bxd3 Rxd3
34. Rxd3 Bxd3 35. Rxd3 c4 36. Rc3 1-0

[Event "Rouletabosse"]
[Site "http://www.queenalice.com/game.php?id=1100375"]
[Date "2012.9.6"]
[Round "3"]
[White "UKopra"]
[Black "al302254"]
[Result "1-0"]
[WhiteElo "1869"]
[BlackElo "1880"]

1. d4 e6 2. c4 Nf6 3. Nc3 Bb4 4. e3 O-O 5. Nf3 d5 6. Bd3 c5 7. O-O cxd4 8. exd4
Be7 9. Bg5 Nbd7 10. Re1 b6 11. cxd5 Nxd5 12. Bxe7 Nxe7 13. Be4 Rb8 14. Nb5 f5
15. Bc2 a5 16. Rxe6 Nf6 17. Rd6 Bd7 18. Ne5 Qc8 19. Ba4 Bxb5 20. Bxb5 Rd8 21.
Rc6 Nxc6 22. Nxc6 Qd7 23. a4 Rbc8 24. Nxd8 Qxd8 25. b3 h6 26. Bc4+ Kh7 27. Be6
Rc3 28. Bxf5+ g6 29. Be6 Nd5 30. Rb1 Qg5 31. Bxd5 Qxd5 32. b4 Qc4 33. bxa5 Rd3
34. Qe2 Qxd4 35. Qe7+ Qg7 36. Qxg7+ Kxg7 37. axb6 Rd8 38. b7 Rb8 39. a5 Kf7 40.
a6 Ke7 41. a7 1-0

[Event "Rouletabosse"]
[Site "http://www.queenalice.com/game.php?id=1125664"]
[Date "2012.11.24"]
[Round "4"]
[White "al302254"]
[Black "Juan72"]
[Result "0-1"]
[WhiteElo "1876"]
[BlackElo "1796"]

1. d4 d5 2. c4 c6 3. Nc3 Nf6 4. f3 e6 5. Bg5 b6 6. Nh3 Be7 7. e3 O-O 8. Bd3 c5
9. O-O Ba6 10. Bxf6 Bxf6 11. Qc2 g6 12. Rae1 Nc6 13. Qb3 cxd4 14. cxd5 Bxd3 15.
Ne2 Bxe2 16. Rxe2 Qxd5 17. Qxd5 exd5 18. exd4 Bxd4+ 19. Kh1 Bc5 20. Nf4 d4 21.
a3 Rae8 22. Rd2 a5 0-1